| 000 | 00568nam a22001937a 4500 | ||
|---|---|---|---|
| 003 | CMc | ||
| 005 | 20151029094855.0 | ||
| 008 | 130311t xxu||||| |||| 00| 0 eng d | ||
| 020 | _a9780552995870 | ||
| 050 |
_aPQ 7298.15 _b.Es77 1993 |
||
| 082 |
_aIB 863 _bEs6L 1993 |
||
| 100 | _aEsquivel, Laura | ||
| 245 |
_aLike water for chocolate : _bA Novel in monthly instalments with recipes, romances and home remedies / _cLaura Esquivel. |
||
| 260 |
_aHampton, N.H. _bCurley Large Print _c1993 |
||
| 300 | _c19.8 cm. | ||
| 562 | _e1 | ||
| 942 |
_2lcc _cBK |
||
| 999 |
_c2333 _d2333 |
||